00450nam a2200181 a 4500001001300000003000900013005001700022008004100039020000800080082001600088100001800104245002700122260003400149300000900183500003500192505001000227650003100237nice12345678IN_TiNIC20260116012025.0050524s1962 dela grp 000 0 urd  ac100a895.13bPOO aPoo, Naanking aAur Yaangsi Bahta Raha aDelhibNational Academyc1962 a208p aincludes index and biblioraphy2 aNotes aChinese-Literature-fiction